000 00805nam0a22002531 4500
001 rc\4721824
005 20260407210132.0
021 _aRU
_bРг275-59
035 _a(NLR Aleph) 008442305
090 _a9486239
_c9486239
100 _a20130416d1958 |||y0rusy50 ca
101 0 _arus
102 _aRU
105 _ay z |||||
200 1 _aНовые рулонные материалы для полов
210 _aМосква
_cЦБТИ
_d1958
215 _a6 с.
_d20
300 _aЛитогр.
712 0 2 _aНИИ новых строительных материалов, отделки и оборудования зданий
_cМосква
_3RU\NLR\AUTH\8810138669
_9772616
801 0 _aRU
_bNLR
_gpsbo
801 1 _aRU
_bELAR
_2rusmarc
852 _aNLR
_j59-4/1008
942 _cBOOK
980 _aNB